000 00545nam a2200145Ia 4500
008 140724s9999 xx 000 0 und d
050 _aLC 4031
_b.An597 2011
100 _aAnicete, Kristine-Fe M.
245 3 _aAn evaluation of the social competence of students with special needs in an inclusive education school /
_cKristine-Fe M. Anicete.
260 _aLas PiƱas, Philippines :
_bSouthville International School and Colleges,
_cc2011.
300 _a88 p. :
_bill. ;
_c28 cm.
521 _aSpecial Education
942 _cTH
999 _c228648
_d228648